8 Random Missing Countries on a Map - Statistics

General Stats
  • This quiz has been taken 235 times
  • The average score is 7 of 8
Answers on the Map
Answers color-coded by a green-red scale on the quiz's map according to % correct below.
 
Answer Stats
Country % Correct
Albania
100%
Algeria
100%
Angola
100%
Argentina
100%
Australia
100%
Austria
100%
Belarus
100%
Belgium
100%
Benin
100%
Bolivia
100%
Bosnia and Herzegovina
100%
Botswana
100%
Brazil
100%
Bulgaria
100%
Cameroon
100%
Canada
100%
Cape Verde
100%
Central African Republic
100%
Chile
100%
China
100%
Colombia
100%
Czech Republic
100%
Democratic Republic of the Congo
100%
Egypt
100%
Finland
100%
Germany
100%
Ghana
100%
Greece
100%
Guatemala
100%
Guyana
100%
Honduras
100%
Hungary
100%
India
100%
Iran
100%
Italy
100%
Ivory Coast
100%
Japan
100%
Kazakhstan
100%
Kenya
100%
Kyrgyzstan
100%
Laos
100%
Lesotho
100%
Libya
100%
Lithuania
100%
Luxembourg
100%
Mali
100%
Mauritania
100%
Mexico
100%
Mongolia
100%
Montenegro
100%
Morocco
100%
Mozambique
100%
Myanmar
100%
Namibia
100%
Nepal
100%
Netherlands
100%
New Zealand
100%
Nicaragua
100%
Niger
100%
Nigeria
100%
North Korea
100%
Oman
100%
Pakistan
100%
Panama
100%
Paraguay
100%
Peru
100%
Poland
100%
Republic of the Congo
100%
Russia
100%
Slovakia
100%
South Africa
100%
South Sudan
100%
Spain
100%
Sudan
100%
Sweden
100%
Switzerland
100%
Tajikistan
100%
Tunisia
100%
Uganda
100%
Ukraine
100%
United States
100%
Uruguay
100%
Uzbekistan
100%
Venezuela
100%
Vietnam
100%
Zimbabwe
100%
Indonesia
92%
Romania
92%
Ecuador
91%
Afghanistan
90%
Cambodia
90%
Guinea
90%
Jordan
90%
Comoros
89%
Rwanda
89%
Dominican Republic
88%
France
88%
North Macedonia
88%
Croatia
86%
Saudi Arabia
86%
South Korea
86%
Zambia
86%
Armenia
83%
El Salvador
83%
Liberia
83%
Moldova
83%
Senegal
83%
Serbia
83%
Seychelles
83%
Yemen
83%
Costa Rica
80%
Gabon
80%
Latvia
80%
Lebanon
80%
Malaysia
80%
São Tomé and Príncipe
80%
Suriname
80%
Turkey
80%
Chad
78%
Bhutan
75%
Burkina Faso
75%
Denmark
75%
Estonia
75%
Ethiopia
75%
Gambia
75%
Iraq
75%
Ireland
75%
Kosovo
75%
Maldives
75%
Malta
75%
Micronesia
75%
Norway
75%
Portugal
75%
Taiwan
75%
Tanzania
75%
Turkmenistan
75%
United Arab Emirates
75%
United Kingdom
75%
Fiji
71%
Kiribati
71%
Azerbaijan
70%
Madagascar
70%
Bangladesh
67%
Eritrea
67%
Philippines
67%
Thailand
67%
Togo
67%
Vanuatu
67%
Cuba
60%
Sierra Leone
60%
Syria
60%
Israel
57%
Jamaica
57%
Marshall Islands
57%
Samoa
57%
Georgia
56%
Bahamas
50%
Belize
50%
Burundi
50%
Equatorial Guinea
50%
Eswatini
50%
Iceland
50%
Kuwait
50%
Malawi
50%
Mauritius
50%
Nauru
50%
Palau
50%
Papua New Guinea
50%
Solomon Islands
50%
Somalia
50%
Sri Lanka
50%
Tonga
50%
Qatar
43%
Tuvalu
43%
Djibouti
40%
Guinea-Bissau
40%
East Timor
33%
Trinidad and Tobago
33%
Slovenia
25%
Cyprus
17%
Haiti
0%
No matching quizzes found
Score Distribution
Percent of People with Each Score
Percentile by Number Answered
Your Score History
You have not taken this quiz